| 000 | 00704nam a2200229 i 4500 | ||
|---|---|---|---|
| 001 | bgj | ||
| 100 | 1 | _aMUSÄUS, Johann Karl August. | |
| 245 | 1 | 0 |
_aMärchen und Sagen. _cJohann Karl August Musaüs ; mit Zeichungen von Josef Hegenbarth ; [hrsg. von Hans Marquardt]. _nBd. 2 / |
| 260 |
_aMünchen : _bKösel-Verlag, _c1972. |
||
| 300 |
_a506, [1], s. : _bil. ; _c21 cm. |
||
| 490 | 1 |
_aDie Bücher der Neunzehn _v208 |
|
| 650 | 9 | _aPowieść niemiecka | |
| 700 | 1 | _aHEGENBARTH, Josef. | |
| 700 | 1 | _aMARQUARDT, Hans. | |
| 830 | _aDie Bücher der Neunzehn | ||
| 040 | _cBPK | ||
| 041 | 0 | _ager | |
| 044 | _aDEU | ||
| 080 | _a821.112.2-3 | ||
| 942 | _cKS | ||
| 008 | s gw f |000 0 ger | ||
| 999 |
_c49992 _d49992 |
||
| 856 |
_uhttp://koha.tu.koszalin.pl/cgi-bin/koha/opac-detail.pl?biblionumber=49992 _yKatalog online BPK |
||